Missing Word: Films Set in Psychiatric Hospitals Quiz Stats

 Plays Quiz Updated Mar 30, 2018

Score 0/20 Timer 04:00
0 Plays Today
Title Missing Word % Correct
One Flew Over the Cuckoo's ____Nest
98.4%
Don't ____ a WordSay
92.3%
Shutter ____Island
90.1%
____, InterruptedGirl
89.9%
I Never Promised You a Rose ____Garden
79.2%
12 ____Monkeys
74.8%
____ Locked DoorsBehind
68.7%
Splendor in the ____Grass
59.4%
A Nightmare on Elm Street 3: ____ WarriorsDream
49.1%
____ PunchSucker
47.3%
Title Missing Word % Correct
It's Kind of a ____ StoryFunny
35.9%
The ____ of Dr. CaligariCabinet
30.6%
The ____ PitSnake
29.8%
____ DreamsBad
13.5%
David and ____Lisa
10.9%
Side ____Effects
7.1%
____ of ChuckyCult
6%
____ 9Session
4.4%
I'm a ____, But That's OKCyborg
4%
House of ____Dust
2.1%

Today's Daily Dose

You're not logged in!

Compare scores with friends on all Sporcle quizzes.
OR
Log In

Show Comments

Extras

Top Quizzes Today


Score Distribution

Your Account Isn't Verified!

In order to create a playlist on Sporcle, you need to verify the email address you used during registration. Go to your Sporcle Settings to finish the process.

Report this User

Report this user for behavior that violates our Community Guidelines.

Details: